Biblioteca

Palabras sueltas (Registro nro. 66025)

Detalles MARC
000 -LÍDER
Campo fijo de descripción fija 01654nam a2200349 i 4500
001 - NÚMERO DE CONTROL
Campo de control 768714001
003 - IDENTIFICADOR DEL NÚMERO DE CONTROL
Campo de control CO-MdFUSB
005 - FECHA Y HORA DE LA ULTIMA TRANSACCIÓN
control field 20210602165742.0
007 - CAMPO FIJO DE DESCRIPCIÓN FIJA--INFORMACIÓN GENERAL
Campo fijo de descripción fija ta
008 - ELEMENTOS DE LONGITUD FIJA -- INFORMACIÓN GENERAL
Campo fijo de descripción fija -- Información general 200603t2011 ck |||| |||| 00| 0 spa d
020 ## - NÚMERO INTERNACIONAL NORMALIZADO PARA LIBROS
Número Internacional Normalizado del libro 9789584203465
040 ## - FUENTE DE CATALOGACIÓN
Agencia de catalogación original CO-MdFUSB
Idioma de catalogación spa
Agencia que realiza la transcripción CO-MdFUSB
Agencia que realiza la modificación CO-MdFUSBC
Convenciones de la descripción rda
041 ## - CÓDIGO DE IDIOMA
Código de idioma para texto/pista de sonido o título separado spa
082 ## - NÚMERO DE CLASIFICACIÓN DECIMAL DEWEY
Número de la edición del Dewey 23
Número de clasificación 864
Clave de autor-Numero de item AB116
100 ## - ASIENTO PRINCIPAL--NOMBRE PERSONAL
Nombre personal Abad Faciolince, Héctor Joaquín,
Fechas asociadas con el nombre 1958
Término relacionador autor
245 ## - TÍTULO
Título del Material Palabras sueltas
Mención de responsabilidad, etc. / Héctor Abad Faciolince
250 ## - MENCIÓN DE EDICIÓN
Mención de edición Tercera edición
264 1# - PRODUCCIÓN, PUBLICACIÓN, DISTRIBUCIÓN, MANUFACTURA, Y COPYRIGHT
Lugar de producción, publicación, distribución, manufactura Bogotá, Colombia :
Nombre del productor, publicador, distribuidor Seix Barral,
Fecha de producción, publicación, distribución, manufactura, o copyright [2011]
264 4# - PRODUCCIÓN, PUBLICACIÓN, DISTRIBUCIÓN, MANUFACTURA, Y COPYRIGHT
Fecha de producción, publicación, distribución, manufactura, o copyright ©2011
300 ## - DESCRIPCIÓN FÍSICA
Dimensiones 250 páginas ;
Extensión 23 cm
336 ## - TIPO DE CONTENIDO
Fuente rdacontent
Término de tipo de contenido texto
Código de tipo de contenido txt
337 ## - TIPO DE MEDIO
Fuente rdamedia
Nombre del tipo de medio sin mediación
Código del tipo de medio n
338 ## - TIPO DE SOPORTE
Fuente rdacarrier
Nombre del tipo de soporte volumen
Código Tipo de soporte nc
490 1# - MENCIÓN DE SERIE
Mención de serie Los tres mundos
505 1# - NOTA DE CONTENIDO
Nota de contenido con formato preestablecido Préstamo -- Raza -- Reencarnación -- Regla -- Reliquia -- Rencor -- Retórica -- Ron -- Ruido -- Secreto -- Secuestro -- Sentir -- Sicaresca -- Solitario --- Soltería -- Sonrisa -- Suicidio -- Tarot -- Televisión -- Teta -- Timidez -- Transgénicos -- Turismo -- Upac -- Valores -- Veneno -- Viaje -- Whisky -- Zapatero -- Zapatos -- Zeta
520 4# - NOTA DE RESUMEN, ETC.
Nota de sumario, etc. Estos breves textos encierran observaciones sobre la condición humana que son al mismo tiempo profundas y divertidas. Los temas son variados, desde lo más trivial hasta lo más serio. A pesar del escepticismo desplegado por Abad, sus ensayos no nos llevan a la desesperanza, sino a un tipo de alegria que es consciente de su dificultad y precariedad.
563 ## - NOTA DE ENCUADERNACIÓN
Nota de encuadernación Rústico
650 #7 - ASIENTO SECUNDARIO DE MATERIA - TERMINO TEMÁTICO
Fuente del encabezamiento o término embne
9 (RLIN) 2518
Término temático o nombre geográfico como elemento de entrada Literatura colombiana
830 ## - PUNTO DE ACCESO ADICIONAL DE SERIE - TÍTULO UNIFORME
Título uniforme Los tres mundos
Designación de volumen o secuencia Ensayo
942 ## - TIPO DE MATERIAL (KOHA)
Tipo de Item KOHA Libros General
945 ## - INFORMACIÓN LOCAL DEL REGISTRO
Catalogador Dani
Existencias
Estado de Material Estado de Perdido Forma de Clasificación Estado de Dañado No para Préstamo Colección Biblioteca de Origen Biblioteca Permanente Fecha de Adquisición Área Total de Préstamos Signatura Topográfica Código de Barras Última vez visto Ejemplar/Existencia Fecha de Remplazo Tipo de Material
    Dewey Decimal Classification     Colección General Biblioteca FUSBC Biblioteca FUSBC 03/06/2020 LITERATURA   G 864 AB116p 16320 03/06/2020 Ej.1 03/06/2020 Libros General

Biblioteca FUSBC | Teléfono: (57+4) 349 88 10 Ext. 141| WhatsApp (+57) 3005338115 
E-mail: biblioteca@unisbc.edu.co | Calle 76 87-14 Robledo Palenque, Medellín, Colombia

Con tecnología Koha